Theoretical models for subsurface geophysical probing with electromagnetic waves /
Saved in:
| Main Author: | |
|---|---|
| Format: | Thesis Book |
| Language: | English |
| Published: |
Boston, Mass.,
1975.
|
| Subjects: | |
| Tags: |
Add Tag
No Tags, Be the first to tag this record!
|
| LEADER | 00780cam a2200241 a 4500 | ||
|---|---|---|---|
| 001 | u145609 | ||
| 003 | SIRSI | ||
| 008 | 920305s1975 us a v 00 1 eng m | ||
| 035 | |a AAQ-9737 | ||
| 040 | |a UMM | ||
| 090 | |a QC661 |b Tsa | ||
| 100 | 1 | 0 | |a Tsang, Leung. |
| 245 | 1 | 0 | |a Theoretical models for subsurface geophysical probing with electromagnetic waves / |c Leung Tsang. |
| 260 | |a Boston, Mass., |c 1975. | ||
| 300 | |a 223 leaves : |b illus. ; |c 29 cm. | ||
| 500 | |a Photocopy. | ||
| 502 | |a Thesis (Ph.D.) -- Massachusetts Institute of Technology, 1975. | ||
| 504 | |a Bibliography: leaves 203-221. | ||
| 650 | 0 | |a Electromagnetic waves. | |
| 650 | 0 | |a Geophysics. | |
| 948 | |a 10/03/1992 |b 13/08/2002 | ||
| 596 | |a 1 | ||
| 999 | |a QC661 TSA |w LC |c 1 |i A002746103 |l STACKS |m P01UTAMA |r Y |s Y |t TESIS |u 19/3/1992 | ||
